| 000 | 00678nam a2200217 a 4500 | ||
|---|---|---|---|
| 001 | 71470 | ||
| 003 | BD-RjUL | ||
| 005 | 20220926112957.0 | ||
| 008 | 170503s1964 nyua h b 001 0 eng d | ||
| 035 | _a(BD-RjUL)71686 | ||
| 040 |
_aNUN:U _beng _cNUN:U _dNUN:U _dBD-RjUL |
||
| 041 | _aeng | ||
| 082 |
_223 _a153.8 _bJUM 1964 |
||
| 245 | 0 | 0 |
_aMan and his symbols / _cCarl G. Jung ... [et al.]. |
| 260 |
_aNew York ; _aLondon: _bDell Publishing, _c1964. |
||
| 300 |
_a415 p. : _bill. ; _c18 cm. |
||
| 504 | _a include Bibliographical reference and Indexes | ||
| 650 | 0 |
_aSymbolism (Psychology) _9211452 |
|
| 700 | 1 |
_aJung, C. G. _q(Carl Gustav), _d1875-1961. _94998 |
|
| 942 |
_2ddc _cBK |
||
| 999 |
_c71470 _d71470 |
||